| 000 | 00542cam a22001457a 4500 | ||
|---|---|---|---|
| 999 |
_c483221 _d483221 |
||
| 008 | 180718b-- xxu||||| |||| 00| 0 eng d | ||
| 082 | _aL806x54 F/2018-19 | ||
| 245 | _aFinance accounts, Union Government | ||
| 260 |
_aDelhi _bThe Controller of Publications _c2019 |
||
| 300 | _a558p. | ||
| 500 | _aLibrary has 1991/92-2003/04, 2005/06-2007/08, 2009/10, 2018/2019 | ||
| 650 |
_aFinance, Public - Auditing - India _927052 |
||
| 700 |
_aIndia. Ministry of Finance. Department of Expenditure. Controller General of Accounts _927053 |
||
| 942 | _2ddc | ||